| 000 | 01028nam a22003137a 4500 | ||
|---|---|---|---|
| 003 | CHAP | ||
| 005 | 20220329143342.0 | ||
| 008 | 081119s2007 us r 00010 eng d | ||
| 010 | _a95401 | ||
| 011 | _a96373 | ||
| 020 | _a9781578084371 | ||
| 035 | _a107025 | ||
| 040 | _cCHAP | ||
| 082 | 0 | 4 |
_a597 _bD62 |
| 100 | 1 |
_aDiogo, Rui _932641 |
|
| 245 | 1 | 4 |
_aThe origin of higher clades : _bosteology, myology, phylogeny and evolution of bony fishes and the rise of tetrapods _c/by Rui Diogo |
| 260 |
_aEnfield, NH : _bScience Publishers, _cc2007 |
||
| 300 |
_axviii, 367 p. : _bilus. |
||
| 590 |
_aBATCH-UPD _b10 _c20130110 _lUCH01 _h0446 |
||
| 590 |
_aBATCH-UPD _b10 _c20130410 _lUCH01 _h0122 |
||
| 590 |
_aBATCH-UPD _b10 _c20130914 _lUCH01 _h1204 |
||
| 590 |
_aCONVERSION _b10 _c20130109 _lUCH01 _h1353 |
||
| 650 | 1 | 4 |
_aEvolución. _939007 |
| 650 | 1 | 4 |
_aPeces. _986441 |
| 650 | 1 | 4 |
_aVertebrados. _9118965 |
| 901 | _aBK | ||
| 942 | _cLIBRO | ||
| 949 |
_a597 D62 _bBC _cLIBRO _d33724002068934 _eLIBRO _gI.240055 _h109867 _i107025 _sb _t$1045.00 |
||
| 999 |
_c95401 _d95401 |
||